000
00358nam a22001577a 4500
003
MPLRDC
005
20220104143454.0
008
210129b ||||| |||| 00| 0 eng d
082
_a
426.4 XDTW
100
_a
仙洞田万里子等编
245
_a
棒针
_c
260
_a
_b
不详
_c
300
_b
平
650
_a
家庭编结
942
_c
BK
_o
426.4 XDTW
999
_c
40244
_d
40234